000 00469nam a22001697a 4500
005 20250917115602.0
008 250917b |||||||| |||| 00| 0 eng d
020 _a978-93-86700-86-5
041 _aeng
100 _aPANDEY, DR. MEENU
_98692
245 _aA TEXT BOOK OF COMMUNICATION SKILLS . [ 1ST YEAR B. PHARM] SEM-1
250 _a13TH ED. 2025
260 _aPUNE
_bNIRALI PRAKASHAN
300 _a10.10;P
650 _aENGLISH LITERATURE
_98693
942 _cBK
999 _c8827
_d8825